Tổng tập văn học dân gian các dân tộc thiểu số Việt Nam T.3 Thần thoại

Khái niệm, lịch sử sưu tầm, nghiên cứu, giá trị nội dung và nghệ thuật của thể loại thần thoại nói chung, thần thoại các dân tộc thiểu số Việt Nam nói riêng. Giới thiệu các tác phẩm thần thoạn của các dân tộc thiểu số nước ta bằng chữ dân tộc và bản dịch tiếng Việt. Trình bày về bảng tra các vị thần...

Полное описание

Сохранить в:
Библиографические подробности
Другие авторы: Nguyễn Thị Huế (Chủ biên và biên soạn)
Формат:
Язык:Vietnamese
Опубликовано: H. Khoa học xã hội 2009
Предметы:
Метки: Добавить метку
Нет меток, Требуется 1-ая метка записи!
Thư viện lưu trữ: Mạng thư viện Đại học Đà Nẵng
LEADER 02004nam a2200397 4500
001 000005743
003 1891
005 20110823070806.0
008 110822s2009 viesd
041 0 |a vie 
082 |a 398.2089  |b TON 
245 1 0 |a Tổng tập văn học dân gian các dân tộc thiểu số Việt Nam  |c Nguyễn Thị Huế ch.b.  |n T.3  |p Thần thoại 
260 |a H.  |b Khoa học xã hội  |c 2009 
300 |a 711 tr.  |c 24cm 
500 |a ĐTTS ghi: Viện Khoa học xã hội Việt Nam. Viện Nghiên cứu Văn hoá 
520 |a Khái niệm, lịch sử sưu tầm, nghiên cứu, giá trị nội dung và nghệ thuật của thể loại thần thoại nói chung, thần thoại các dân tộc thiểu số Việt Nam nói riêng. Giới thiệu các tác phẩm thần thoạn của các dân tộc thiểu số nước ta bằng chữ dân tộc và bản dịch tiếng Việt. Trình bày về bảng tra các vị thần trong thần thoại dân tộc thiểu số Việt Nam và các thư mục sưu tầm, nghiên cứu 
653 |a Dân tộc Chăm 
653 |a Dân tộc thiểu số 
653 |a Văn học dân gian 
653 |a Nghiên cứu văn học 
653 |a Việt Nam 
653 |a Thần thoại 
653 |a Tổng tập 
700 |a Nguyễn Thị Huế  |e Chủ biên và biên soạn 
773 |d Khoa học xã hội  |d H.  |d 2010  |t Tổng tập văn học dân gian các dân tộc thiểu số Việt Nam  |w 558 
910 |a Huỳnh Thị Cẩm Lai  |d 22/08/2011 
OWN |a LSP 
AVA |a UDN50  |b LSP  |d 398.2089 TON  |e available  |t Error 5001 Not defined in file expand_doc_bib_avail.  |f 2  |g 0  |h N  |i 0  |k 1 
999 |a From the UDN01 
AVA |a UDN50  |b LSP  |d 398.2089 TON  |e available  |t Error 5001 Not defined in file expand_doc_bib_avail.  |f 2  |g 0  |h N  |i 0  |k 1 
TYP |a Monograph 
TYP |a Printed language 
980 |a Mạng thư viện Đại học Đà Nẵng